000 00488nam a2200181Ia 4500
005 20250326123509.0
008 250326s9999 xx 000 0 und d
037 _aTextbook
040 _aFMSL
_beng
_cFMSL
041 _aeng
_2eng
084 _aX:89ZB P5
_qFMSL
100 _aBasu K
245 0 _aDevelopment, markets and institutions
_cBasu K
260 _aNew Delhi
_bNew Delhi, Oxford
_c2005
300 _a320p
942 _cTB
_hX:89ZB P5
999 _c1269619
_d1269619